000 01011nam a2200241Ia 4500
999 _c34647
_d34647
001 421
003 GE_BSU
005 20200124164648.0
008 181216s2011||||ge |||||||||||||| ||geo||
020 _a9789941904486
040 _cGE_BSU
041 _ageo
080 _a159.9(07) ნ–28
100 _aნარგიზიშვილი, მანანა
_96361
245 _aპრაქტიკული ფსიქოლოგია :
_bწ. 1.
_cმანანა ნარგიზიშვილი ; [რედ. იათამზე კოტეტიშვილი].
250 _a მე-2 გამოცემა.
264 _aთბილისი :
_b [ინოვაცია],
_c2011.
300 _a318 გვ.;
_b19 სმ.
653 _aფსიქოლოგია
653 _aპედაგოგიკური ფსიქოლოგია
700 _aკოტეტიშვილი, იათამზე
_eრედაქტორი
_96362
942 _cBK
_2udc